Statistics for US Cities with 250,000 People or More

Click here to take the quiz!

General Stats

  • This quiz has been taken 64 times
  • The average score is 69 of 83

Answer Stats

State Population City % Correct
New York8,537,673New York City
100%
Washington704,352Seattle
100%
California3,976,322Los Angeles
100%
Nevada632,912Las Vegas
100%
Oklahoma638,367Oklahoma City
100%
Michigan672,795Detroit
100%
Massachusetts673,184Boston
100%
Colorado693,060Denver
100%
Florida453,579Miami
100%
Texas1,317,929Dallas
100%
Illinois2,704,958Chicago
100%
Texas2,303,482Houston
100%
Pennsylvania1,567,872Philadelphia
100%
Missouri481,420Kansas City
98%
Arizona1,615,017Phoenix
98%
Georgia472,522Atlanta
98%
Texas1,492,510San Antonio
98%
Tennessee660,388Nashville
98%
California870,887San Francisco
98%
Hawaii351,792Honolulu
98%
Indiana855,164Indianapolis
98%
Ohio385,809Cleveland
96%
Florida880,619Jacksonville
96%
Minnesota413,651Minneapolis
96%
Texas947,890Austin
96%
California1,406,630San Diego
96%
Ohio860,090Columbus
96%
Oregon639,863Portland
96%
Tennessee652,717Memphis
96%
Pennsylvania303,625Pittsburgh
96%
Florida377,165Tampa
94%
Louisiana391,495New Orleans
94%
Missouri311,404St. Louis
94%
California495,234Sacramento
94%
~681,170Washington, D.C.
94%
Alaska298,192Anchorage
92%
Ohio298,800Cincinnati
92%
California1,025,350San Jose
92%
Florida277,173Orlando
92%
Maryland614,664Baltimore
92%
Texas683,080El Paso
92%
North Carolina458,880Raleigh
90%
Minnesota302,398Saint Paul
90%
New Mexico559,277Albuquerque
90%
Wisconsin595,047Milwaukee
90%
Texas854,113Fort Worth
88%
Nebraska446,970Omaha
88%
California420,005Oakland
88%
North Carolina842,051Charlotte
88%
Colorado465,101Colorado Springs
88%
Nebraska280,364Lincoln
86%
Kentucky616,261Louisville
86%
New York256,902Buffalo
86%
New Jersey281,764Newark
84%
Arizona530,706Tucson
84%
Virginia452,602Virginia Beach
84%
Wisconsin252,551Madison
78%
Oklahoma403,090Tulsa
78%
Kansas389,902Wichita
76%
California522,053Fresno
76%
New Jersey264,152Jersey City
76%
Arizona484,587Mesa
73%
California470,130Long Beach
69%
Ohio278,508Toledo
69%
Texas325,733Corpus Christi
67%
California376,380Bakersfield
67%
California351,043Anaheim
63%
Texas252,506Lubbock
61%
Florida260,999St. Petersburg
59%
California324,722Riverside
59%
North Carolina287,027Greensboro
59%
Indiana264,488Fort Wayne
57%
Colorado361,710Aurora
57%
Kentucky318,449Lexington
55%
Nevada292,969Henderson
55%
North Carolina263,016Durham
55%
Texas392,772Arlington
51%
California334,217Santa Ana
49%
Texas286,057Plano
47%
Texas257,156Laredo
47%
California307,072Stockton
45%
California266,122Irvine
39%
California267,172Chula Vista
37%

Score Distribution

Percentile by Number Answered

Percent of People with Each Score

Your Score History

You have not taken this quiz